Luderitzland : (Record no. 96936)
[ view plain ]
| 000 -LEADER | |
|---|---|
| fixed length control field | 00560cam3a220019300 4500 |
| 001 - CONTROL NUMBER | |
| control field | tmp15358087 |
| 003 - CONTROL NUMBER IDENTIFIER | |
| control field | UPRA |
| 005 - DATE AND TIME OF LATEST TRANSACTION | |
| control field | 20190819092354.0 |
| 008 - FIXED-LENGTH DATA ELEMENTS--GENERAL INFORMATION | |
| fixed length control field | 950801s1943 gw ger u |
| 035 ## - SYSTEM CONTROL NUMBER | |
| System control number | (Sirsi) r85698 |
| 035 ## - SYSTEM CONTROL NUMBER | |
| System control number | (UPRA)tmp15358087 |
| 040 ## - CATALOGING SOURCE | |
| Transcribing agency | UPRA |
| 100 1# - MAIN ENTRY--PERSONAL NAME | |
| Personal name | Grimm, H. (Hans) |
| Fuller form of name | Grimm, H. (Hans) |
| Linkage | A30505.1 |
| 245 10 - TITLE STATEMENT | |
| Title | Luderitzland : |
| Remainder of title | sieben Begenbenheiten. |
| 260 ## - PUBLICATION, DISTRIBUTION, ETC. | |
| Place of publication, distribution, etc. | Munchen : |
| Name of publisher, distributor, etc. | A. Langen - G. Muller, |
| Date of publication, distribution, etc. | [1943] |
| 500 ## - GENERAL NOTE | |
| General note | First published in 1934. |
| 949 ## - LOCAL PROCESSING INFORMATION (OCLC) | |
| a | PT2613.R52 |
| w | lcc |
| i | -119039 |
| m | MAIN |
| t | BOOK |
| l | ON-SHELF |
No items available.